Označenia kvality produktov a ich využitie v marketingovej stratégii bakalárska práca

Salvato in:
Dettagli Bibliografici
Autore principale: Toporová, Liliana
Ente Autore: Obchodná fakulta EU. Katedra tovaroznalectva a kvality tovaru
Altri autori: Strhan, Rastislav, 1968-
Natura: Libro
Lingua:slovacco
Pubblicazione: Bratislava 2018
Tags: Aggiungi Tag
Nessun Tag, puoi essere il primo ad aggiungerne!!

MARC

LEADER 00000nbm a2200000 4500
001 0247344
005 20180911145425.6
041 0 |a slo 
044 |a SK 
245 1 0 |a Označenia kvality produktov a ich využitie v marketingovej stratégii  |b bakalárska práca  |c Liliana Toporová ; školiteľ: Rastislav Strhan 
264 1 |a Bratislava  |c 2018 
300 |a 46 s. 
100 1 |a Toporová, Liliana 
700 1 |a Strhan, Rastislav, 1968- 
710 2 |a Obchodná fakulta EU. Katedra tovaroznalectva a kvality tovaru